Educación y desarrollo : (Record no. 182523)

MARC details
000 -LEADER
campo de control de longitud fija 01138nam a2200301 i 4500
001 - NÚMERO DE CONTROL
campo de control 182523
003 - IDENTIFICADOR DE NÚMERO DE CONTROL
campo de control ES-MaACL
005 - FECHA Y HORA DE LA ÚLTIMA TRANSACCIÓN
campo de control 20250902225147.0
008 - DATOS DE LONGITUD FIJA--INFORMACIÓN GENERAL
campo de control de longitud fija 130911s2012 sp | |||||||| | spa d
020 ## - NÚMERO INTERNACIONAL ESTÁNDAR DEL LIBRO
Número Internacional Estándar del Libro 978-84-92937-35-6
080 ## - NÚMERO DE LA CLASIFICACIÓN DECIMAL UNIVERSAL
Número de la Clasificación Decimal Universal 373.512.2(460)
080 ## - NÚMERO DE LA CLASIFICACIÓN DECIMAL UNIVERSAL
Número de la Clasificación Decimal Universal 37(460)
080 ## - NÚMERO DE LA CLASIFICACIÓN DECIMAL UNIVERSAL
Número de la Clasificación Decimal Universal 37:331.5(460)
245 00 - MENCIÓN DEL TÍTULO
Título Educación y desarrollo :
Resto del título PISA 2009 y el sistema educativo español /
Mención de responsabilidad, etc. coordinación a cargo de Antonio Villar ; Sara de la Rica Goiricelaya, José Ignacio García Pérez, Ainara González de San Román ... [et al.].
250 ## - MENCION DE EDICION
Mención de edición 1ª ed.
260 ## - PUBLICACIÓN, DISTRIBUCIÓN, ETC.
Lugar de publicación, distribución, etc. Bilbao :
Nombre del editor, distribuidor, etc. Fundación BBVA,
Fecha de publicación, distribución, etc. 2012.
300 ## - DESCRIPCIÓN FÍSICA
Extensión 334 p. :
Otras características físicas il., gráf., mapas ;
Dimensiones 24 cm.
500 ## - NOTA GENERAL
Nota general Índices.
504 ## - NOTA DE BIBLIOGRAFÍA, ETC.
Nota de bibliografía, etc. Referencias bibliográficas.
650 04 - PUNTO DE ACCESO ADICIONAL DE MATERIA--TÉRMINO DE MATERIA
Término de materia o nombre geográfico como elemento de entrada Estudiantes-
Subdivisión general Evaluación.
9 (RLIN) 12571
650 #4 - PUNTO DE ACCESO ADICIONAL DE MATERIA--TÉRMINO DE MATERIA
Término de materia o nombre geográfico como elemento de entrada Enseñanza-
Subdivisión geográfica España-
Subdivisión cronológica S.XXI.
9 (RLIN) 170705
650 04 - PUNTO DE ACCESO ADICIONAL DE MATERIA--TÉRMINO DE MATERIA
Término de materia o nombre geográfico como elemento de entrada Educación y empleo-
Subdivisión geográfica España
9 (RLIN) 12126
700 1# - ENTRADA AGREGADA--NOMBRE PERSONAL
Nombre de persona Rica, Sara de la,
Fechas asociadas al nombre 1963-
9 (RLIN) 147329
700 1# - ENTRADA AGREGADA--NOMBRE PERSONAL
Nombre de persona Villar, Antonio,
Fechas asociadas al nombre 1954-
9 (RLIN) 143379
852 ## - LOCALIZACIÓN
Ubicación ES-MaACL
Número de control de estantería A-12911
itemnumber 189436
Sublocalización o colección R.149101
Ubicación en estantería Depósito 1
Signatura antigua Olim: N-5911
942 ## - ELEMENTOS DE ENTRADA SECUNDARIOS (KOHA)
Fuente del sistema de clasificación o colocación Clasificación decimal universal
Tipo de ítem Koha Libro impreso
Holdings
Estatus retirado Estado de pérdida Fuente del sistema de clasificación o colocación Estado de daño No para préstamo Biblioteca de origen Biblioteca actual Ubicación en estantería Fecha de adquisición Fuente de adquisición Total de préstamos Signatura topográfica completa Código de barras Visto por última vez Precio de reemplazo Tipo de ítem Koha
    Clasificación decimal universal     Biblioteca del Ateneo de Madrid Biblioteca del Ateneo de Madrid Depósito 1 11/09/2013 Donación   A-12911 1191814 23/02/2023 23/02/2023 Libro impreso